00473 a2200169 450000100060000002000180000604000240002410000190004824000320006724500270009930000090012636200090013565000310014494200070017595201040018299900170028647594 a9788550400846 cAnchieta - Aquarius aBueno, Rodrigo10aEra uma vez um desenholpor10aEra uma vez um desenho a32p.0 a2016 4aLiteratura infanto-juvenil cBK 00104070a87.1b87.1d2023-11-21l0o028.5 BUE ERAp6375/AQUr2023-11-21 15:14:28w2023-11-21yBK c47594d47594